|
|
|
|
| LEADER |
00000nam a2200000 i 4500 |
| 001 |
1/32591 |
| 008 |
060720s2001 eng d |
| 020 |
|
|
|a 3-540-67326-1
|
| 035 |
|
|
|l 10084717
|
| 040 |
|
|
|a GR-MY-UA
|b gre
|e aacr
|
| 041 |
0 |
|
|a eng
|h ger
|
| 082 |
0 |
|
|a 686.2
|2 (22)
|
| 245 |
1 |
0 |
|a Handbook of print media :
|b technologies and production methods /
|c Helmut Kipphan (Ed.)
|
| 260 |
|
|
|a Berlin :
|b Springer,
|c c2001
|
| 300 |
|
|
|a xx, 1207 σ.;
|b εικ.;
|c 25 εκ.+
|e 1 οπτική δισκέτα λέιζερ Η/Υ (4 3/4 ίν.)
|
| 500 |
|
|
|a Περιλαμβάνει 1275 σχήματα, τα περισσότερα έγχρωμα και 92 πίνακες.
|
| 504 |
|
|
|a Περιλαμβάνει βιβλιογραφία και ευρετήριο.
|
| 650 |
0 |
0 |
|a Printing
|x Handbooks, manuals, etc.
|
| 650 |
0 |
0 |
|a Printing machinery and supplies
|x Handbooks, manuals, etc.
|
| 650 |
0 |
0 |
|a Printing industry
|x Technological innovations
|x Handbooks, manuals, etc.
|
| 700 |
1 |
|
|a Kipphan, Helmut
|d 1943-
|4 edt
|
| 852 |
|
|
|a INST
|b SYROS
|e 20060720
|h 686.2 HAN
|p 005500004776
|q 005500004776
|t BK
|y 0
|
| 852 |
|
|
|a INST
|b SYROS
|e 20060720
|h 686.2 HAN
|p 005500004775
|q 005500004775
|t BK
|y 0
|
| 901 |
|
|
|a BIBL5-2006-2
|
| 909 |
|
|
|a Ε
|b 117589
|
| 909 |
|
|
|a Ε
|b 117590
|
| 920 |
|
|
|a ΑΝΑΜΟΡΦΩΣΗ
|b ΕΠΕΑΕΚ ΙΙ-ΤΜΣΠΣ
|y ΣΥΡΟΣ
|z 2006-06
|
| 970 |
|
|
|a ΚΟΝΤΟΥ
|b ΠΑΡΑΣΚΕΥΗ
|z 2006/07/20
|